[Event "Sao Bernardo do Campo LXSBC"]
[Site "Sao Bernardo do Campo"]
[Date "2018.11.25"]
[Round "5.6"]
[White "Silva, Diogo Angeli"]
[Black "Ferreira, Caio Tulio Moreira"]
[Result "1-0"]
[WhiteElo "1786"]
[BlackElo "1539"]
[PlyCount "41"]
[EventDate "2018.11.23"]
[EventType "swiss"]
[EventRounds "5"]
[EventCountry "BRA"]
[SourceTitle "EXT 2022"]
[Source "ChessBase"]
[SourceDate "2021.10.06"]
[SourceVersion "1"]
[SourceVersionDate "2021.10.06"]
[SourceQuality "1"]

1. d4 Nf6 2. g3 c5 3. e3 cxd4 4. exd4 d5 5. Bg2 Bf5 6. Nf3 e6 7. 0-0 Be7 8. c4 dxc4 9. Qa4+ Nc6 10. Ne5 Nd5 11. Nxc6 bxc6 12. Qxc6+ Kf8 13. Qxc4 g6 14. Nc3 Rc8 15. Qb3 Nb4 16. Ne4 Nc2 17. Bh6+ Kg8 18. Rac1 Nxd4 19. Rxc8 Qxc8 20. Qa4 Bxe4 21. Qxd4 1-0

[Event "Sao Bernardo do Campo LXSBC"]
[Site "Sao Bernardo do Campo"]
[Date "2018.11.24"]
[Round "4.7"]
[White "Silva, Diogo Angeli"]
[Black "Nobre, Jose Adalberto Barb"]
[Result "1-0"]
[WhiteElo "1786"]
[BlackElo "1616"]
[PlyCount "57"]
[EventDate "2018.11.23"]
[EventType "swiss"]
[EventRounds "5"]
[EventCountry "BRA"]
[SourceTitle "EXT 2022"]
[Source "ChessBase"]
[SourceDate "2021.10.06"]
[SourceVersion "1"]
[SourceVersionDate "2021.10.06"]
[SourceQuality "1"]

1. d4 g6 2. c4 Bg7 3. Nc3 c5 4. e3 b6 5. Nf3 Bb7 6. Be2 Nf6 7. 0-0 0-0 8. d5 d6 9. e4 Nbd7 10. Ne1 Ne8 11. Be3 a6 12. f4 e5 13. dxe6 fxe6 14. Bg4 Qe7 15. Qc2 Bxc3 16. bxc3 Nef6 17. Bf3 d5 18. e5 Ne4 19. cxd5 exd5 20. c4 Nxe5 21. fxe5 Qxe5 22. Nd3 Qe7 23. Bh6 Rf7 24. cxd5 Bxd5 25. Rae1 Qb7 26. Ne5 Rf5 27. Ng4 Nd6 28. Bxd5+ Qxd5 29. Nf6+ 1-0

[Event "Sao Bernardo do Campo LXSBC"]
[Site "Sao Bernardo do Campo"]
[Date "2018.11.23"]
[Round "1.1"]
[White "Batista, Renato Luiz"]
[Black "Silva, Diogo Angeli"]
[Result "1-0"]
[WhiteElo "2177"]
[BlackElo "1786"]
[PlyCount "61"]
[EventDate "2018.11.23"]
[EventType "swiss"]
[EventRounds "5"]
[EventCountry "BRA"]
[SourceTitle "EXT 2022"]
[Source "ChessBase"]
[SourceDate "2021.10.06"]
[SourceVersion "1"]
[SourceVersionDate "2021.10.06"]
[SourceQuality "1"]

1. e4 c5 2. Nf3 d6 3. d4 cxd4 4. Nxd4 Nf6 5. Nc3 a6 6. a4 e5 7. Nf3 Bg4 8. Bc4 Be7 9. 0-0 0-0 10. Bg5 Nbd7 11. Re1 Rc8 12. Ba2 Be6 13. Qb1 Qc7 14. Nd2 b5 15. Bxe6 fxe6 16. axb5 axb5 17. Qa2 d5 18. exd5 b4 19. dxe6 Nb6 20. Nce4 Qxc2 21. f3 Nbd5 22. Nxf6+ gxf6 23. Bh6 Rfd8 24. Ne4 Qc6 25. Qa6 Qb6+ 26. Qxb6 Nxb6 27. Ra7 Re8 28. Rd1 Rcd8 29. Rxd8 Bxd8 30. Rg7+ Kh8 31. Nd6 1-0

[Event "Hebraica op 25th"]
[Site "Hebraica"]
[Date "2018.01.13"]
[Round "4"]
[White "Silva, Diogo Angeli"]
[Black "Dos Reis, Leandro Aparecido C"]
[Result "0-1"]
[WhiteElo "1796"]
[BlackElo "2004"]
[PlyCount "50"]
[EventDate "2018.01.12"]
[EventType "swiss"]
[EventRounds "6"]
[EventCountry "BRA"]
[SourceTitle "CBM 182 Extra"]
[Source "ChessBase"]
[SourceDate "2018.02.23"]
[SourceVersion "1"]
[SourceVersionDate "2018.02.23"]
[SourceQuality "1"]

1. d4 d5 2. c4 c6 3. Nf3 Nf6 4. Nc3 e6 5. e3 Nbd7 6. Bd3 a6 7. 0-0 Bd6 8. Bd2 0-0 9. Qc2 dxc4 10. Bxc4 b5 11. Bd3 c5 12. Ne4 Qe7 13. dxc5 Bxc5 14. Nxc5 Qxc5 15. Rac1 Qh5 16. Be2 Bb7 17. Qc7 Qd5 18. Rfd1 Rfc8 19. Qg3 Ne4 20. Qh3 Nxd2 21. Rxc8+ Rxc8 22. Rxd2 Rc1+ 23. Bf1 Qc4 24. g3 Bxf3 25. Rxd7 g6 0-1

[Event "Hebraica op 25th"]
[Site "Hebraica"]
[Date "2018.01.12"]
[Round "2"]
[White "Silva, Diogo Angeli"]
[Black "Luz, Arthur Nader"]
[Result "1/2-1/2"]
[WhiteElo "1796"]
[BlackElo "2170"]
[PlyCount "93"]
[EventDate "2018.01.12"]
[EventType "swiss"]
[EventRounds "6"]
[EventCountry "BRA"]
[SourceTitle "CBM 182 Extra"]
[Source "ChessBase"]
[SourceDate "2018.02.23"]
[SourceVersion "1"]
[SourceVersionDate "2018.02.23"]
[SourceQuality "1"]

1. d4 d5 2. c4 e6 3. Nc3 Nf6 4. Bg5 Nbd7 5. Nf3 Bb4 6. a3 Bxc3+ 7. bxc3 0-0 8. e3 c6 9. Bd3 Qa5 10. Qc2 dxc4 11. Bxc4 Ne4 12. Be7 Re8 13. Bb4 Qf5 14. Bd3 Ndf6 15. c4 Qg4 16. 0-0 c5 17. Ne5 Qh4 18. Nf3 Qg4 19. h3 Qg6 20. Bxc5 e5 21. Nxe5 Rxe5 22. dxe5 Bxh3 23. f3 Qxg2+ 24. Qxg2 Bxg2 25. Kxg2 Nxc5 26. exf6 Nxd3 27. fxg7 Rc8 28. Rfd1 Ne5 29. Rac1 Rxc4 30. Rxc4 Nxc4 31. Rd3 b5 32. Rc3 Kxg7 33. a4 a6 34. axb5 axb5 35. Rb3 Nd6 36. Rd3 Nc4 37. Rd8 Nxe3+ 38. Kf2 Nc2 39. Rb8 Na3 40. Ke2 Kf6 41. Kd3 Kf5 42. Kc3 Kf4 43. Rh8 f5 44. Rxh7 Kxf3 45. Kb4 Nc2+ 46. Kxb5 Ne3 47. Rf7 1/2-1/2

[Event "Sao Paulo Hebraica op 24th"]
[Site "Sao Paulo"]
[Date "2017.01.14"]
[Round "4"]
[White "Pritsopoulos, Constantino Demetri"]
[Black "Silva, Diogo Angeli"]
[Result "0-1"]
[WhiteElo "2009"]
[BlackElo "1778"]
[PlyCount "122"]
[EventDate "2017.01.13"]
[EventType "swiss"]
[EventRounds "6"]
[EventCountry "BRA"]
[SourceTitle "CBM 176 Extra"]
[Source "ChessBase"]
[SourceDate "2017.03.02"]
[SourceVersion "1"]
[SourceVersionDate "2017.03.02"]
[SourceQuality "1"]

1. e4 c5 2. Nf3 d6 3. d4 cxd4 4. Qxd4 Nf6 5. Nc3 a6 6. Bg5 Nc6 7. Qd2 h6 8. Bxf6 gxf6 9. Bc4 h5 10. a3 Bh6 11. Qd3 Rg8 12. e5 f5 13. exd6 Qxd6 14. Qxd6 exd6 15. Nd5 Kf8 16. Nb6 Rb8 17. Rd1 Rxg2 18. Rxd6 Bf4 19. Nd7+ Ke7 20. Nxb8 Bxd6 21. Nxc6+ bxc6 22. h3 Bc5 23. Rf1 f4 24. h4 f6 25. Bd3 a5 26. Nd2 Rh2 27. Be4 Rxh4 28. Rh1 Rxh1+ 29. Bxh1 Bd7 30. Ke2 Bg4+ 31. Ke1 Bd7 32. Nb3 Bb6 33. Nc1 Ke6 34. Bf3 Be8 35. Nd3 Kf5 36. b4 a4 37. Nb2 c5 38. Nc4 Bc7 39. bxc5 Kg5 40. Kd2 h4 41. Kc3 Bg6 42. Nb6 Be5+ 43. Kd2 Bd4 44. Nxa4 Bxf2 45. c6 h3 46. c7 Bf5 47. Ke2 Ba7 48. Kf1 Kh4 49. Nc3 h2 50. Kg2 h1Q+ 51. Kxh1 Kg3 52. Be4 Bc8 53. Nd5 f3 54. Bxf3 Kxf3 55. Ne7 Bb7 56. c4 Kg3+ 57. Nd5 f5 58. a4 f4 59. a5 f3 60. c8Q Bxc8 61. Nc3 Bb7 0-1

[Event "Sao Bernardo do Campo op"]
[Site "Sao Bernardo do Campo"]
[Date "2016.07.24"]
[Round "6"]
[White "Itagyba, Renan Fortes"]
[Black "Silva, Diogo Angeli"]
[Result "1-0"]
[WhiteElo "1653"]
[BlackElo "1802"]
[PlyCount "43"]
[EventDate "2016.07.22"]
[EventType "swiss"]
[EventRounds "6"]
[EventCountry "BRA"]
[SourceTitle "EXT 2017"]
[Source "ChessBase"]
[SourceDate "2016.10.25"]
[SourceVersion "1"]
[SourceVersionDate "2016.10.25"]
[SourceQuality "1"]

1. c4 g6 2. Nc3 Bg7 3. g3 Nf6 4. Bg2 c6 5. Nf3 d5 6. cxd5 cxd5 7. d4 0-0 8. 0-0 Nc6 9. Bf4 a6 10. a3 Ne4 11. Nd2 Nxd2 12. Qxd2 Nxd4 13. Qd1 e6 14. e4 dxe4 15. Bxe4 Nc6 16. Qf3 Qb6 17. Rab1 Bd7 18. Rfd1 Nd4 19. Qe3 e5 20. Bh6 Bc6 21. Bxg7 Kxg7 22. Bxc6 1-0

[Event "Sao Bernardo do Campo op"]
[Site "Sao Bernardo do Campo"]
[Date "2016.07.23"]
[Round "4"]
[White "Cordeiro da Silva, Felipe"]
[Black "Silva, Diogo Angeli"]
[Result "1-0"]
[WhiteElo "1729"]
[BlackElo "1802"]
[PlyCount "153"]
[EventDate "2016.07.22"]
[EventType "swiss"]
[EventRounds "6"]
[EventCountry "BRA"]
[SourceTitle "EXT 2017"]
[Source "ChessBase"]
[SourceDate "2016.10.25"]
[SourceVersion "1"]
[SourceVersionDate "2016.10.25"]
[SourceQuality "1"]

1. d4 Nf6 2. c4 e6 3. g3 d5 4. Bg2 Nbd7 5. Nf3 Bb4+ 6. Bd2 Bxd2+ 7. Nbxd2 0-0 8. Qc2 Re8 9. Ne5 c6 10. 0-0 dxc4 11. Ndxc4 Nb6 12. Rfd1 Qc7 13. Rac1 Nxc4 14. Qxc4 Nd7 15. Nd3 Qb6 16. Qc3 a5 17. a4 Qd8 18. e4 Rb8 19. e5 Nb6 20. Nc5 Nd5 21. Qd2 Nb4 22. Ne4 Bd7 23. Nd6 Rf8 24. b3 b5 25. Rc5 Na6 26. Rc3 bxa4 27. Qe2 Nb4 28. bxa4 Nd5 29. Bxd5 cxd5 30. Rdc1 Bxa4 31. Rc7 Rb1 32. Rxb1 Qxc7 33. Rb7 Qc1+ 34. Kg2 Bc2 35. Qf3 Be4 36. Nxe4 dxe4 37. Qxe4 Qc4 38. Ra7 a4 39. Qe3 h6 40. Qd2 Qd5+ 41. f3 Ra8 42. Qb4 Rxa7 43. Qb8+ Kh7 44. Qxa7 Qb3 45. d5 Qc2+ 46. Kh3 Qf5+ 47. Kg2 exd5 48. Qxa4 Qxe5 49. Qc2+ g6 50. Kf2 Qd4+ 51. Ke2 Qg1 52. Kd3 Qf1+ 53. Ke3 Qg1+ 54. Kd3 Qb6 55. Qc3 Qe6 56. Qd4 h5 57. h4 Qf5+ 58. Ke3 g5 59. hxg5 Qxg5+ 60. Kf2 Qf5 61. Ke3 Kg6 62. Qh8 Qg5+ 63. Ke2 Qf6 64. Qg8+ Qg7 65. Qb8 f5 66. Qd6+ Qf6 67. Qxd5 Qb2+ 68. Kf1 Qc1+ 69. Kg2 Qc2+ 70. Kh3 Qc8 71. f4 Qf8 72. Qe6+ Kg7 73. Kh4 Qd8+ 74. Kxh5 Qh8+ 75. Kg5 Qh3 76. Qf6+ Kg8 77. Qg6+ 1-0

[Event "Sao Caetano do Sul-ch 2nd"]
[Site "Sao Caetano do Sul"]
[Date "2016.06.11"]
[Round "6"]
[White "Da Cunha, Danilo Thimoteo"]
[Black "Silva, Diogo Angeli"]
[Result "1/2-1/2"]
[WhiteElo "2010"]
[BlackElo "1802"]
[PlyCount "28"]
[EventDate "2016.06.04"]
[EventType "swiss"]
[EventRounds "6"]
[EventCountry "BRA"]
[SourceTitle "EXT 2017"]
[Source "ChessBase"]
[SourceDate "2016.10.25"]
[SourceVersion "1"]
[SourceVersionDate "2016.10.25"]
[SourceQuality "1"]

1. d4 Nf6 2. Nf3 e6 3. e3 d5 4. Bd3 Nbd7 5. 0-0 Bd6 6. Nbd2 0-0 7. Re1 e5 8. e4 dxe4 9. Nxe4 Nxe4 10. Bxe4 h6 11. h3 exd4 12. Nxd4 Nf6 13. Bd3 Re8 14. Nf3 b6 1/2-1/2

[Event "Sao Bernardo do Campo LXSBC STD I"]
[Site "Sao Bernardo do Campo"]
[Date "2016.05.22"]
[Round "6.7"]
[White "Ferreira, Caio Tulio Moreira"]
[Black "Silva, Diogo Angeli"]
[Result "0-1"]
[WhiteElo "1418"]
[BlackElo "1805"]
[PlyCount "60"]
[EventDate "2016.05.20"]
[EventType "swiss"]
[EventRounds "6"]
[EventCountry "BRA"]
[SourceTitle "EXT 2022"]
[Source "ChessBase"]
[SourceDate "2021.10.06"]
[SourceVersion "1"]
[SourceVersionDate "2021.10.06"]
[SourceQuality "1"]

1. e4 c6 2. d4 d5 3. Bd3 dxe4 4. Bxe4 Nf6 5. Qd3 Nxe4 6. Qxe4 Nd7 7. Nf3 Nf6 8. Qd3 e6 9. 0-0 Be7 10. Be3 0-0 11. Nbd2 Nd5 12. Rfb1 Nxe3 13. Qxe3 b6 14. b4 Qc7 15. a4 c5 16. dxc5 bxc5 17. b5 Bb7 18. a5 Rad8 19. Nc4 Bf6 20. c3 Qd7 21. Qxc5 Bxf3 22. gxf3 Bxc3 23. Ra3 Qd3 24. Rab3 Rc8 25. Qxa7 Rxc4 26. b6 Qxf3 27. Rxc3 Rg4+ 28. Kf1 Qxc3 29. b7 Qd3+ 30. Ke1 Rg1# 0-1

[Event "Sao Bernardo do Campo LXSBC Final C"]
[Site "Sao Bernardo do Campo"]
[Date "2016.01.31"]
[Round "9.2"]
[White "Silva, Diogo Angeli"]
[Black "Lacerda, Vinicius"]
[Result "1-0"]
[WhiteElo "1800"]
[BlackElo "1720"]
[PlyCount "103"]
[EventDate "2016.01.23"]
[EventType "tourn"]
[EventRounds "9"]
[EventCountry "BRA"]
[SourceTitle "EXT 2022"]
[Source "ChessBase"]
[SourceDate "2021.10.06"]
[SourceVersion "1"]
[SourceVersionDate "2021.10.06"]
[SourceQuality "1"]

1. d4 e6 2. g3 Nf6 3. Bg2 g6 4. c4 Bg7 5. Nc3 0-0 6. e4 d6 7. Nge2 c5 8. 0-0 cxd4 9. Nxd4 a6 10. h3 e5 11. Nde2 Nc6 12. Bg5 h6 13. Be3 Be6 14. b3 Qd7 15. Kh2 Rab8 16. Qc1 Kh7 17. Rd1 b6 18. Qa3 Rfd8 19. Rac1 a5 20. Rc2 Bf8 21. Qc1 Qe7 22. Rcd2 Rd7 23. f4 Nb4 24. a3 Na6 25. Na4 Qd8 26. Nac3 Nc5 27. Qb1 Qc8 28. f5 gxf5 29. exf5 Bxf5 30. Qxf5+ Kg7 31. Bxh6+ Kxh6 32. Qxf6+ Kh7 33. Be4+ Nxe4 34. Nxe4 Bg7 35. Qh4+ Kg8 36. Nf6+ Bxf6 37. Qxf6 Qc5 38. Rxd6 Rxd6 39. Rxd6 Qxa3 40. Rd8+ Rxd8 41. Qxd8+ Kh7 42. Qxb6 Qb2 43. Qe3 f6 44. Qd3+ Kg7 45. c5 Qa3 46. Qc4 Qa1 47. c6 Qf1 48. Qe4 Qf2+ 49. Qg2 Qc5 50. Qf3 Kf7 51. Nc3 Ke6 52. Qxf6+ 1-0

[Event "Sao Bernardo do Campo LXSBC Final C"]
[Site "Sao Bernardo do Campo"]
[Date "2016.01.30"]
[Round "7.3"]
[White "Silva, Diogo Angeli"]
[Black "Penha, Evelyn Maximiano"]
[Result "1-0"]
[WhiteElo "1800"]
[BlackElo "1673"]
[PlyCount "53"]
[EventDate "2016.01.23"]
[EventType "tourn"]
[EventRounds "9"]
[EventCountry "BRA"]
[SourceTitle "EXT 2022"]
[Source "ChessBase"]
[SourceDate "2021.10.06"]
[SourceVersion "1"]
[SourceVersionDate "2021.10.06"]
[SourceQuality "1"]

1. d4 Nf6 2. g3 g6 3. Bg2 Bg7 4. c4 d6 5. Nc3 0-0 6. e4 e5 7. Nge2 Nc6 8. d5 Ne7 9. 0-0 Nd7 10. Be3 f5 11. f4 Nf6 12. fxe5 dxe5 13. Qb3 Ng4 14. Bd2 Qd6 15. Na4 c6 16. h3 Nf6 17. Bb4 Qd8 18. exf5 Rb8 19. fxg6 hxg6 20. Rad1 a5 21. Ba3 Ne8 22. Nac3 Rxf1+ 23. Bxf1 Nf5 24. Ne4 Nd4 25. Nxd4 exd4 26. Qf3 Nd6 27. Nxd6 1-0

[Event "Sao Bernardo do Campo LXSBC op 2nd"]
[Site "Sao Bernardo do Campo"]
[Date "2015.07.26"]
[Round "5"]
[White "Peixoto, Fernando Teodoro Ma"]
[Black "Silva, Diogo Angeli"]
[Result "0-1"]
[WhiteElo "1703"]
[BlackElo "1795"]
[PlyCount "76"]
[EventDate "2015.07.24"]
[EventType "swiss"]
[EventRounds "6"]
[EventCountry "BRA"]
[SourceTitle "EXT 2016"]
[Source "ChessBase"]
[SourceDate "2015.10.08"]
[SourceVersion "1"]
[SourceVersionDate "2015.10.08"]
[SourceQuality "1"]

1. Nf3 d5 2. d4 e6 3. b3 Nf6 4. Bb2 c5 5. e3 Nc6 6. Nbd2 cxd4 7. exd4 g6 8. Ne5 Bg7 9. Ndf3 0-0 10. Bb5 Qa5+ 11. Qd2 Qxb5 12. 0-0-0 Ne4 13. Qe3 Ne7 14. g4 f6 15. Nd3 b6 16. Nh4 Bd7 17. f3 Ng5 18. Ng2 Nf7 19. h4 a5 20. a3 Rac8 21. Kb1 Qc6 22. Rd2 Qc7 23. f4 Nd6 24. h5 Ne4 25. Re2 g5 26. h6 Bh8 27. fxg5 fxg5 28. Rh5 Ng6 29. Nge1 Qg3 30. Rxg5 Qxe3 31. Rxg6+ hxg6 32. Rxe3 Kh7 33. Ne5 Bxe5 34. dxe5 Rf1 35. g5 Nxg5 36. Bc1 Ne4 37. Kb2 b5 38. Nd3 Nf2 0-1

[Event "Sao Bernardo do Campo LXSBC op 2nd"]
[Site "Sao Bernardo do Campo"]
[Date "2015.07.26"]
[Round "6"]
[White "Silva, Diogo Angeli"]
[Black "Maraz, Ricardo"]
[Result "1-0"]
[WhiteElo "1795"]
[BlackElo "1725"]
[PlyCount "81"]
[EventDate "2015.07.24"]
[EventType "swiss"]
[EventRounds "6"]
[EventCountry "BRA"]
[SourceTitle "EXT 2016"]
[Source "ChessBase"]
[SourceDate "2015.10.08"]
[SourceVersion "1"]
[SourceVersionDate "2015.10.08"]
[SourceQuality "1"]

1. d4 Nf6 2. Nf3 g6 3. c4 Bg7 4. Nc3 0-0 5. e4 d6 6. Bd3 c5 7. d5 Bg4 8. 0-0 Nbd7 9. h3 Bxf3 10. Qxf3 Ne5 11. Qe2 Nfd7 12. f4 Nxd3 13. Qxd3 a5 14. a4 Qb6 15. Nb5 Nb8 16. Rb1 Na6 17. Be3 Nb4 18. Qd2 Qd8 19. e5 b6 20. exd6 exd6 21. f5 Be5 22. Bg5 f6 23. Bh6 Rf7 24. fxg6 hxg6 25. Bf4 Rh7 26. Bxe5 fxe5 27. Qe2 Qe7 28. Qg4 Kg7 29. Rf3 Rh4 30. Qg3 Rxc4 31. Rbf1 Rf4 32. Rxf4 exf4 33. Qxf4 Rd8 34. Qd2 Re8 35. Qc3+ Kh7 36. Nxd6 Qe3+ 37. Qxe3 Rxe3 38. Nc4 Rd3 39. d6 Nc6 40. Rf7+ Kg8 41. Rc7 1-0

[Event "Sao Bernardo do Campo LXSBC op 2nd"]
[Site "Sao Bernardo do Campo"]
[Date "2015.07.25"]
[Round "4"]
[White "Silva, Diogo Angeli"]
[Black "Itagyba, Renan Fortes"]
[Result "1-0"]
[WhiteElo "1795"]
[BlackElo "1548"]
[PlyCount "75"]
[EventDate "2015.07.24"]
[EventType "swiss"]
[EventRounds "6"]
[EventCountry "BRA"]
[SourceTitle "EXT 2016"]
[Source "ChessBase"]
[SourceDate "2015.10.08"]
[SourceVersion "1"]
[SourceVersionDate "2015.10.08"]
[SourceQuality "1"]

1. d4 d5 2. c4 c6 3. Nf3 Bf5 4. Nc3 dxc4 5. e4 Bg6 6. Bxc4 e6 7. 0-0 Bb4 8. d5 exd5 9. exd5 Ne7 10. Qb3 cxd5 11. Bb5+ Nbc6 12. Qxb4 0-0 13. Bxc6 bxc6 14. Bf4 Nf5 15. Rad1 f6 16. Nd4 Nxd4 17. Qxd4 Qd7 18. Na4 Rfe8 19. Nc5 Qe7 20. h3 Bh5 21. Rde1 Be2 22. f3 Qf7 23. Rf2 Bc4 24. Rxe8+ Rxe8 25. a4 Be2 26. Qd2 Qe7 27. Nb3 Ba6 28. Nd4 Qd7 29. Qc3 Rc8 30. Qc5 Qe8 31. Rc2 Bb7 32. Re2 Qg6 33. Re7 Qb1+ 34. Qc1 Qd3 35. Ne6 Qb3 36. Nc5 Qb6 37. Rxb7 Qxc5+ 38. Qxc5 1-0

[Event "Sao Paulo Hebraica op 21st"]
[Site "Sao Paulo"]
[Date "2015.07.12"]
[Round "5"]
[White "Dutra, Liliam Guedes"]
[Black "Silva, Diogo Angeli"]
[Result "0-1"]
[WhiteElo "1609"]
[BlackElo "1795"]
[PlyCount "174"]
[EventDate "2015.07.11"]
[EventType "swiss"]
[EventRounds "5"]
[EventCountry "BRA"]
[SourceTitle "CBM 167 Extra"]
[Source "ChessBase"]
[SourceDate "2015.09.14"]
[SourceVersion "1"]
[SourceVersionDate "2015.09.14"]
[SourceQuality "1"]

1. d4 d5 2. c4 e6 3. Nf3 Nf6 4. Nc3 c6 5. cxd5 exd5 6. Bg5 Nbd7 7. e3 Qa5 8. Qc2 Bb4 9. Bd3 0-0 10. 0-0 Re8 11. Ne2 Ne4 12. Bf4 Ndf6 13. a3 Bd6 14. b4 Qd8 15. Bxd6 Nxd6 16. Rac1 Bd7 17. Rfe1 a5 18. Ne5 axb4 19. axb4 Rc8 20. Ng3 h6 21. Qc5 Be6 22. f4 Nfe4 23. Nxe4 dxe4 24. Bc4 b6 25. Nxc6 bxc5 26. Nxd8 Bxc4 27. bxc5 Rexd8 28. cxd6 Rxd6 29. g4 Rdc6 30. Ra1 Ra6 31. Rxa6 Bxa6 32. Ra1 Bd3 33. Re1 Rc2 34. h3 Re2 35. Rxe2 Bxe2 36. Kf2 Bd3 37. Kg3 g6 38. h4 Kg7 39. g5 f5 40. Kf2 h5 41. Ke1 Kf7 42. Kd2 Ke6 43. Kc3 Kd5 44. Kb4 Kc6 45. Ka5 Be2 46. Kb4 Kb6 47. Ka4 Bd1+ 48. Kb4 Bc2 49. Kc4 Ka5 50. Kc5 Bb3 51. d5 Ka4 52. d6 Be6 53. Kd4 Kb4 54. Ke5 Bd7 55. Kd5 Kc3 56. Ke5 Kd3 57. Kf6 Kxe3 58. Kxg6 Kxf4 59. Kf6 e3 60. g6 e2 61. g7 e1Q 62. g8Q Qxh4+ 63. Kf7 Ke5 64. Qh8+ Kxd6 65. Qh6+ Ke5 66. Qg7+ Kd5 67. Qf8 Be6+ 68. Kg7 Qg4+ 69. Kf6 f4 70. Qa8+ Kd4 71. Qa4+ Ke3 72. Qa3+ Kf2 73. Qc5+ Kg3 74. Qg1+ Kf3 75. Qh1+ Ke2 76. Qe4+ Kf2 77. Qd4+ Kg2 78. Qd2+ Kh3 79. Qd3+ f3 80. Qf1+ Qg2 81. Qd3 Bg4 82. Kg5 Qe2 83. Qc3 Kg2 84. Kf4 f2 85. Qg3+ Kf1 86. Qh2 Ke1 87. Qh1+ f1Q+ 0-1

[Event "Sao Paulo Hebraica op 21st"]
[Site "Sao Paulo"]
[Date "2015.07.11"]
[Round "3"]
[White "Silva, Diogo Angeli"]
[Black "Vieira, Alexandre Letizio"]
[Result "1-0"]
[WhiteElo "1795"]
[BlackElo "1850"]
[PlyCount "67"]
[EventDate "2015.07.11"]
[EventType "swiss"]
[EventRounds "5"]
[EventCountry "BRA"]
[SourceTitle "CBM 167 Extra"]
[Source "ChessBase"]
[SourceDate "2015.09.14"]
[SourceVersion "1"]
[SourceVersionDate "2015.09.14"]
[SourceQuality "1"]

1. d4 d5 2. c4 c6 3. Nf3 Nf6 4. Bg5 e6 5. Nc3 a6 6. Rc1 b5 7. cxb5 cxb5 8. e3 Bb7 9. Bd3 h6 10. Bh4 g5 11. Bg3 Ne4 12. Nxb5 Nxg3 13. Nc7+ Ke7 14. Nxa8 Qa5+ 15. Qd2 Qxd2+ 16. Kxd2 Nxh1 17. Rc7+ Kf6 18. Rxb7 Nc6 19. Nb6 Nxf2 20. Bxa6 Ne4+ 21. Ke2 Bd6 22. Bb5 Nb4 23. a3 Na2 24. Nd7+ Kg7 25. Nde5 Rg8 26. Kd1 h5 27. Nc6 Nec3+ 28. bxc3 Nxc3+ 29. Ke1 Nxb5 30. Rxb5 g4 31. Nfe5 Bxa3 32. Rb7 Bc1 33. Kf2 Kf6 34. Nd7+ 1-0

[Event "Sao Bernardo LXSBC 2nd fin-C"]
[Site "Sao Bernardo do Campo"]
[Date "2011.01.22"]
[Round "8.4"]
[White "Caporale, Giuseppe Guido"]
[Black "Silva, Diogo Angeli"]
[Result "1-0"]
[WhiteElo "1734"]
[BlackElo "1795"]
[PlyCount "29"]
[EventDate "2011.01.22"]
[EventType "tourn"]
[EventRounds "10"]
[EventCountry "BRA"]
[SourceTitle "EXT 2022"]
[Source "ChessBase"]
[SourceDate "2021.10.06"]
[SourceVersion "1"]
[SourceVersionDate "2021.10.06"]
[SourceQuality "1"]

1. f4 e5 2. fxe5 d6 3. exd6 Bxd6 4. Nf3 Nf6 5. g3 Nc6 6. Bg2 Bg4 7. 0-0 Qd7 8. Qe1 Bh3 9. Qf2 0-0-0 10. Bxh3 Qxh3 11. Qg2 Qf5 12. d3 Qc5+ 13. Kh1 Qxc2 14. Nc3 Bb4 15. Ne1 1-0

[Event "Sao Bernardo LXSBC 2nd fin-C"]
[Site "Sao Bernardo do Campo"]
[Date "2011.01.22"]
[Round "1.5"]
[White "Heinrichs, Vivian"]
[Black "Silva, Diogo Angeli"]
[Result "1-0"]
[WhiteElo "1889"]
[BlackElo "1795"]
[PlyCount "41"]
[EventDate "2011.01.22"]
[EventType "tourn"]
[EventRounds "10"]
[EventCountry "BRA"]
[SourceTitle "EXT 2022"]
[Source "ChessBase"]
[SourceDate "2021.10.06"]
[SourceVersion "1"]
[SourceVersionDate "2021.10.06"]
[SourceQuality "1"]

1. e4 c6 2. d4 d5 3. exd5 cxd5 4. c4 e6 5. Nc3 Nf6 6. Nf3 Nc6 7. Be2 Be7 8. 0-0 0-0 9. Re1 dxc4 10. Bxc4 Qc7 11. Bg5 Rd8 12. a3 Nxd4 13. Ba2 Nxf3+ 14. Qxf3 Qa5 15. Ne4 Nd5 16. Bxd5 Bxg5 17. Nxg5 Qxd5 18. Qxf7+ Kh8 19. Qe7 Bd7 20. Nf7+ Kg8 21. Nxd8 1-0

[Event "Sao Bernardo LXSBC 2nd fin-C"]
[Site "Sao Bernardo do Campo"]
[Date "2011.01.22"]
[Round "5.4"]
[White "Silva, Diogo Angeli"]
[Black "Diniz, Paulo Nobile"]
[Result "0-1"]
[WhiteElo "1795"]
[BlackElo "1825"]
[PlyCount "68"]
[EventDate "2011.01.22"]
[EventType "tourn"]
[EventRounds "10"]
[EventCountry "BRA"]
[SourceTitle "EXT 2022"]
[Source "ChessBase"]
[SourceDate "2021.10.06"]
[SourceVersion "1"]
[SourceVersionDate "2021.10.06"]
[SourceQuality "1"]

1. d4 Nf6 2. Bg5 d5 3. Nc3 Nbd7 4. e3 e6 5. Bd3 Be7 6. Nf3 0-0 7. e4 dxe4 8. Nxe4 Nxe4 9. Bxe7 Qxe7 10. Bxe4 Nf6 11. Bd3 Qb4+ 12. Qd2 Qxb2 13. 0-0 a6 14. Qf4 Qb6 15. Rfe1 Qd6 16. Qh4 h6 17. g4 Qf4 18. Ne5 Qxd4 19. Rad1 Qf4 20. c3 c5 21. Bf1 b5 22. Bg2 Ra7 23. Rd3 Bb7 24. Bxb7 Rxb7 25. Rf3 Qd2 26. Ree3 Qd8 27. Rd3 Nd5 28. Qg3 Qc7 29. g5 hxg5 30. Qxg5 f6 31. Qg6 Qxe5 32. Rxd5 exd5 33. Rg3 Qe1+ 34. Kg2 Qe4+ 0-1

[Event "Sao Bernardo LXSBC 2nd fin-C"]
[Site "Sao Bernardo do Campo"]
[Date "2011.01.22"]
[Round "7.3"]
[White "Silva, Diogo Angeli"]
[Black "Silva, Cassius Alexandre d"]
[Result "1/2-1/2"]
[WhiteElo "1795"]
[BlackElo "1825"]
[PlyCount "92"]
[EventDate "2011.01.22"]
[EventType "tourn"]
[EventRounds "10"]
[EventCountry "BRA"]
[SourceTitle "EXT 2022"]
[Source "ChessBase"]
[SourceDate "2021.10.06"]
[SourceVersion "1"]
[SourceVersionDate "2021.10.06"]
[SourceQuality "1"]

1. d4 d5 2. Nf3 Nf6 3. c4 c6 4. Nc3 e6 5. e3 Be7 6. Bd3 Nbd7 7. e4 dxc4 8. Bxc4 b5 9. Bb3 a6 10. d5 cxd5 11. exd5 Nc5 12. dxe6 Qxd1+ 13. Bxd1 Bxe6 14. 0-0 0-0 15. Bg5 h6 16. Bh4 b4 17. Na4 Nce4 18. Re1 g5 19. Bg3 Nxg3 20. hxg3 Nd5 21. Nd4 Bd7 22. Nb6 Nxb6 23. Rxe7 Rfe8 24. Rxe8+ Rxe8 25. Bf3 Nc4 26. Be2 Bb5 27. Rc1 Nxb2 28. Bxb5 axb5 29. Rc2 Re1+ 30. Kh2 Rd1 31. Nxb5 Nd3 32. g4 Kg7 33. Na7 Ra1 34. Nc6 Rd1 35. Kg3 Kf6 36. Na5 Rc1 37. Rd2 Rc3 38. Kh2 Nc1 39. Rb2 Ra3 40. Nc4 Rxa2 41. Rxb4 Rxf2 42. Rb6+ Kg7 43. Ne3 Rf6 44. Nf5+ Kg6 45. Ne7+ Kg7 46. Nf5+ Kg6 1/2-1/2